Представление документа в формате RUSMARC

ПолеНазваниеЗначение
  Тип записи a
  Библиографический уровень m
001 Контрольный номер b4a289e2a2974364886288444eea4500
005 Дата корректировки 20260618111315.9
100 Данные общей обработки __
a Данные общей обработки 20250530d2025 d y0rusy028902 ca
101 Язык документа 0_
a Язык текста rus
102 Страна публикации __
a Страна публикации RU
105 Кодированные данные (монография) __
a Кодированные данные (монография) y z 000ay
181 Поле кодированных данных: вид содержания _0
a Код вида содержания (ISBD) i
182 Поле кодированных данных: тип средства _0
a Код типа средства (ISBD) n
200 Заглавие и сведения об ответственности 1_
a Заглавие Бронзовая птица
e Сведения, относящиеся к заглавию издание для слабовидящих : в 3 книгах
f Первые сведения об ответственности Анатолий Рыбаков
203 Вид содержания и тип средства __
a Вид содержания Текст
c Тип средства непосредственный
210 Выходные данные 1_
a Место издания Москва
c Издательство Чинар
d Дата издания 2025
225 Серия 2_
a Серия Круг чтения
e Сведения, относящиеся к заглавию серии издание для слабовидящих
300 Общие примечания __
a Общие примечания Текст печатается по изданию: Рыбаков А. Бронзовая птица. - Москва : Эксмо, 2016. - ISBN 978-5-699-85259-8.
330 Аннотация __
a Аннотация Поверенная временем знаменитая повесть выдержала десятки переизданий и экранизаций неслучайно: лихо закрученный сюжет и интрига до последней страницы держат читателя в напряжении. Обычные московские школьники - Мишка Поляков, Генка Петров и их друзья - попадают в череду невероятных историй и разгадывают тайны, которые не по силам решить даже взрослым. Тайна старинного морского кортика, за которым охотится офицер с погибшего линкора, загадка бронзовой птицы в заброшенной усадьбе, разоблачение банды - все эти приключения собраны под обложкой этой книги!
333 Примечание о целевом назначении __
a Примечание о целевом назначении 12+. Для детей старше 12 лет
606 Тематические рубрики __
2 Код системы nlr_sh
a Основная рубрика Художественная литература
606 Тематические рубрики __
2 Код системы nlr_sh
a Основная рубрика Русская литература XX в. (произведения)
610 Ключевые слова 0_
a Ключевые слова русская литература
610 Ключевые слова 0_
a Ключевые слова советская литература
610 Ключевые слова 0_
a Ключевые слова детская литература
610 Ключевые слова 0_
a Ключевые слова повести
610 Ключевые слова 0_
a Ключевые слова детские повести
610 Ключевые слова 0_
a Ключевые слова тема приключений
610 Ключевые слова 0_
a Ключевые слова приключения
610 Ключевые слова 0_
a Ключевые слова детективы
610 Ключевые слова 0_
a Ключевые слова детские детективы
610 Ключевые слова 0_
a Ключевые слова экранизации
610 Ключевые слова 0_
a Ключевые слова экранизированные книги
610 Ключевые слова 0_
a Ключевые слова книги для незрячих
610 Ключевые слова 0_
a Ключевые слова чтение для слабовидящих
686 Индексы других классификаций __
2 Код системы rubbks
a Классификационный индекс 84(2=411.2)6-445я07; ст84(2=411.2)6-445я0
700 Автор _1
a Фамилия Рыбаков
b Имя А. Н.
g Полное личное имя Анатолий Наумович
f Даты 1911-1998
4 Код отношения 070
801 Источник записи _0
b Организация Муниципальное бюджетное учреждение культуры "Централизованная библиотечная система" г. Сургут (Центральная городская библиотека им. А. С. Пушкина)
a Страна RU
c Дата составления 20250530
g Правила каталогизации PSBO
801 Источник записи _1
b Организация Муниципальное бюджетное учреждение культуры "Централизованная библиотечная система" г. Сургут (Центральная городская библиотека им. А. С. Пушкина)
a Страна RU
c Дата составления 20250530
g Правила каталогизации PSBO
852 Данные о местонахождении 5_
i Авторский знак Р 93
j Шифр хранения 84(2=411.2)6-445я07
901 Тип документа __
a Ответственный КиК/Котельникова
t Тип документа v
903 Характеристики (МАРС) __
a Дата передачи 20250530
c Наименование библиотеки (МАРС) Муниципальное бюджетное учреждение культуры "Централизованная библиотечная система" г. Сургут (Центральная городская библиотека им. А. С. Пушкина)